000
00312nam a2200121Ia 4500
008
220204s9999 xx 000 0 und d
082
_a
657
_b
GUP
100
_a
Gupta, R L
245
0
_a
Advanced accountancy: Theory, method and application. 2 V
260
_a
Delhi
_b
S Chand
650
_a
Accountancy
942
_c
BK
999
_c
27515
_d
27515